| 000 | 00513nam a2200181Ia 4500 | ||
|---|---|---|---|
| 999 |
_c29418 _d29418 |
||
| 003 | OSt | ||
| 005 | 20201125133626.0 | ||
| 008 | 190216s9999||||xx |||||||||||||| ||und|| | ||
| 020 | _a812260434 | ||
| 040 | _coclc | ||
| 082 |
_a894.8124 _bPIL/V |
||
| 100 |
_aPillai, P S Sreedharan _96942 |
||
| 245 | 0 |
_aVakkeel Diary / _cP S Sreedharan Pillai |
|
| 260 |
_bCurrent Books, _aThrissur: _c2005. |
||
| 300 | _a184p | ||
| 650 | _aLekhanam | ||
| 942 |
_cBK _2ddc _h894.8124 _iPIL/V _k894.8124 _mPIL/V |
||